| 000 | 00585nam a22001817a 4500 | ||
|---|---|---|---|
| 005 | 20231106094350.0 | ||
| 008 | 231103b |||||||| |||| 00| 0 eng d | ||
| 020 | _a0799302988 | ||
| 041 | _aAfrikaans | ||
| 082 | _a346.5 VAN | ||
| 100 |
_aVan der Merwe, NJ en Rowland, CJ _lAfrikaans |
||
| 245 |
_aDie Suid-Afrikaanse Erfreg / _cNJ Van der Merwe en CJ Rowland |
||
| 250 | _aDerde Uitgawe | ||
| 260 |
_aPretoria : _bJ.P. Van der Walt en Seun (EDMS.) BPk. _c1977 |
||
| 300 |
_b643 pages; _c24 cm. |
||
| 650 |
_aLegal practice _bLaw |
||
| 942 |
_cBK _6ALISON_BN_VRIES |
||
| 999 |
_c291 _d291 |
||